| 000 | 00848nam a22002655i 4500 | ||
|---|---|---|---|
| 999 |
_c27670 _d27641 |
||
| 003 | EG-ScBUE | ||
| 005 | 20191013103618.0 | ||
| 008 | 191008s2018 ii f b 000 0 eng d | ||
| 020 | _a9788131307250 | ||
| 040 |
_aEG-ScBUE _beng _erda _cEG-ScBUE _dEG-ScBUE |
||
| 082 | 0 | 4 |
_a428.2 _bKLE _222 |
| 100 | 1 |
_aKleiser, Grenville, _d1868-1953, _eauthor. |
|
| 245 | 1 | 0 |
_aBook of prepositions / _cGrenville Kleiser. |
| 246 | 3 | 0 | _aPrepositions |
| 264 | 1 |
_aNew Delhi : _bA. P. H. Publishing Corporation, _c2018. |
|
| 300 |
_aviii, 182 pages ; _c22 cm |
||
| 336 |
_atext _btxt _2rdacontent |
||
| 337 |
_aunmediated _bn _2rdamedia |
||
| 338 |
_avolume _bnc _2rdacarrier |
||
| 504 | _aIncludes bibliographical references. | ||
| 650 | 7 |
_aEnglish language _xPrepositions. _2BUEsh |
|
| 653 |
_bHHUUEENN _cOctober2019 |
||
| 655 | _vReading book | ||
| 942 |
_2ddc _cBB |
||